[Event "Titled Tue 3rd Jan Late"]
[Site "chess.com INT"]
[Date "2025.06.03"]
[Round "2"]
[White "Popov, Konstantin"]
[Black "Kalyani Sirin"]
[Result "1-0"]
[WhiteTitle "FM"]
[BlackTitle "WFM"]
[WhiteElo "2378"]
[BlackElo "2136"]
[WhiteFideId "34137910"]
[BlackFideId "33323500"]
[EventDate "2025.06.03"]

1. e4 e5 2. Nf3 Nc6 3. Bb5 f5 4. Nc3 fxe4 5. Nxe4 Nf6 6. Qe2 d5 7. Nxf6+ gxf6 8.
d4 e4 9. Nh4 Be6 10. c3 Qd6 11. g3 O-O-O 12. Bf4 Qd7 13. Ng2 Kb8 14. Ne3 h5 15.
h4 Bh6 16. Bxh6 Rxh6 17. O-O-O f5 18. Ng2 Qd6 19. Qe3 Rhh8 20. Qf4 Ne7 21. Qxd6
Rxd6 22. Nf4 Bf7 23. Be2 Rdh6 24. Kd2 Ng6 25. Ke3 Ne7 26. Rc1 Rc8 27. Rhd1 Rhh8
28. b3 c6 29. c4 Ng8 30. cxd5 cxd5 31. Rxc8+ Kxc8 32. Rc1+ Kb8 33. Bf1 Nh6 34.
Bh3 Ng4+ 35. Bxg4 fxg4 36. Rc5 Rd8 37. b4 Rd6 38. a4 a6 39. a5 Rd7 40. Ne2 Rd6
41. Nc3 Bg8 42. b5 axb5 43. Rxb5 Ka7 44. Rc5 Kb8 45. Na4 Rf6 46. Nb6 Be6 47.
Nxd5 Rf3+ 48. Ke2 Ra3 49. Nf4 Bf7 50. Nxh5 Ra2+ 51. Ke3 Bg6 52. Nf4 Ra3+ 53. Ke2
Ra2+ 54. Kf1 Ra1+ 55. Kg2 Bf7 56. h5 Ra2 57. Re5 Ka7 58. h6 Bg8 59. Re8 Bh7 60.
Re7 e3 61. Rxh7 Rxf2+ 62. Kg1 Ra2 63. Re7 Ra1+ 64. Kg2 Ra2+ 65. Kf1 Rf2+ 66. Ke1
Rh2 67. Re6 Rh1+ 68. Ke2 1-0

[Event "Titled Tue 3rd Jan Late"]
[Site "chess.com INT"]
[Date "2025.06.03"]
[Round "2"]
[White "Danzer, George"]
[Black "Uzuner, Tufan Can"]
[Result "1-0"]
[WhiteTitle "CM"]
[BlackTitle "CM"]
[WhiteElo "2172"]
[BlackElo "1886"]
[WhiteFideId "4659465"]
[BlackFideId "6300499"]
[EventDate "2025.06.03"]

1. e4 c6 2. d4 d5 3. e5 Bf5 4. h4 h5 5. c4 dxc4 6. Bxc4 e6 7. Nc3 Nd7 8. Nge2
Nb6 9. Bb3 Qc7 10. Bg5 Ne7 11. Ng3 Bg6 12. Nge4 Nf5 13. Rc1 a6 14. O-O Be7 15.
d5 exd5 16. Nxd5 Nxd5 17. Nd6+ Nxd6 18. exd6 Qxd6 19. Re1 O-O 20. Bxd5 Bxg5 21.
Bxf7+ Bxf7 22. Qxd6 Bxc1 23. Rxc1 Bxa2 24. Qc7 Rf7 25. Qa5 Bd5 26. f3 Re8 27.
Re1 Rfe7 28. Rxe7 Rxe7 29. Kf2 Kf7 30. Qd8 b5 31. Qc8 a5 32. Qf5+ Kg8 33. Qxh5
a4 34. Qg5 Re6 35. h5 Bc4 36. Qd8+ Kh7 37. Qd4 Re2+ 38. Kg3 Re6 39. Kg4 Rf6 40.
Kg5 Bd5 41. Qd3+ Kg8 42. Qe3 Kf8 43. Qe5 Re6 44. Qb8+ Kf7 45. Qc7+ Re7 46. Qf4+
Ke8 47. h6 gxh6+ 48. Kxh6 Kd7 49. Qd4 Re6+ 50. Kg5 Re7 51. g4 Kc7 52. f4 Re4 53.
Qg7+ Kb6 54. Kf5 Rb4 55. Qe5 Rc4 56. Qb8+ Kc5 57. Qf8+ Kd4 58. g5 Be4+ 59. Kf6
Rc2 60. g6 Bd5 61. g7 Rf2 62. f5 Be4 63. Qb4+ Ke3 64. Qc3+ Bd3 65. g8=Q Rxf5+
66. Ke6 Rf4 67. Qg3+ Rf3 68. Qxf3+ Kxf3 69. Qxd3+ 1-0

[Event "Titled Tue 3rd Jan Late"]
[Site "chess.com INT"]
[Date "2025.06.03"]
[Round "2"]
[White "Hartge, Gedeon"]
[Black "Yilmaz, Baver"]
[Result "1/2-1/2"]
[WhiteTitle "FM"]
[BlackTitle "FM"]
[WhiteElo "2328"]
[BlackElo "2233"]
[WhiteFideId "12932116"]
[BlackFideId "26363542"]
[EventDate "2025.06.03"]

1. e4 c5 2. Nc3 Nc6 3. Bb5 e6 4. Bxc6 bxc6 5. f4 d5 6. e5 a5 7. d3 Ba6 8. Nf3 c4
9. d4 c5 10. Be3 Ne7 11. dxc5 Qc7 12. Nd4 Rb8 13. Rb1 g6 14. O-O Nf5 15. Rf3
Nxe3 16. Rxe3 Bxc5 17. Nce2 O-O 18. c3 Qb6 19. Qe1 a4 20. Qh4 h5 21. Rg3 Kh7 22.
a3 Qd8 23. Qxd8 Rbxd8 24. Kf1 Rb8 25. Nc2 Bb5 26. Nb4 Rbd8 27. Nd4 Bxd4 28. cxd4
c3+ 29. Kf2 cxb2 30. Rxb2 Bc4 31. Rc3 Rc8 32. Rbc2 Rb8 33. Ke3 f6 34. g3 Kg7 35.
Rc1 Rf7 36. Nc6 Rbf8 37. Na5 fxe5 38. dxe5 Bb5 39. h4 Rd8 40. Nc6 Re8 41. Nd4
Bc4 42. Rb1 Rc7 43. Rb4 Kf7 44. Rxa4 Rb7 45. Rb4 Rxb4 46. axb4 Rb8 47. b5 Ke8
48. Rc1 Rb6 49. Ra1 Kf7 50. Ra7+ Kf8 51. Ra1 Ke7 52. Ra7+ Ke8 53. Rg7 Bxb5 54.
Nxb5 Rxb5 55. Rxg6 Rb3+ 56. Kd4 Kf7 57. Rg5 Ke7 58. Rxh5 Rxg3 59. Rh7+ Kf8 60.
h5 Rg4 61. Kc5 Rxf4 62. Kd6 Rf7 63. Rh8+ Kg7 64. Rd8 Rf5 65. Kxe6 Rxh5 66. Rxd5
Kf8 67. Kd7 Rh7+ 68. Kd6 Ke8 69. e6 Rh1 70. Rg5 Rd1+ 71. Rd5 Rxd5+ 72. Kxd5 Ke7
73. Ke5 Ke8 74. Kd6 Kd8 75. e7+ Ke8 76. Ke6 1/2-1/2

[Event "Titled Tue 3rd Jan Late"]
[Site "chess.com INT"]
[Date "2025.06.03"]
[Round "2"]
[White "Woodward, Andy"]
[Black "Gustafsson, Jan"]
[Result "0-1"]
[WhiteTitle "GM"]
[BlackTitle "GM"]
[WhiteElo "2547"]
[BlackElo "2591"]
[WhiteFideId "30953499"]
[BlackFideId "4625498"]
[EventDate "2025.06.03"]

1. Nf3 d5 2. b3 c5 3. Bb2 Nc6 4. e3 Nf6 5. Bb5 Bd7 6. O-O e6 7. c4 dxc4 8. bxc4
Be7 9. Nc3 O-O 10. Rb1 Rc8 11. Ne2 a6 12. Ba4 Na5 13. Bc3 Nxc4 14. Rxb7 Nd6 15.
Rb1 Nd5 16. Ba1 Bb5 17. Bc2 Nb4 18. Bb3 Bd3 19. Rb2 Bf6 20. Rb1 Bxb1 21. Bxf6
Qxf6 22. Qxb1 c4 23. Ba4 Nd3 24. Qb6 e5 25. Bd7 Rcd8 26. Bh3 Ne4 27. Qc7 Ndc5
28. Ng3 Qd6 29. Qa5 Nxg3 30. hxg3 Ne4 31. Nxe5 Nxd2 32. Rc1 Qd5 33. Qc7 Ne4 34.
Nc6 Qd2 35. Rf1 c3 36. Nxd8 Rxd8 37. Bf5 Nf6 38. Qc6 h5 39. a4 a5 40. Qb6 Rd6
41. Qxa5 g6 42. Bb1 Ng4 43. Qc5 Rf6 44. f4 Nxe3 45. Be4 Nxf1 46. Kxf1 Re6 47.
Qc4 c2 48. Qxc2 Qxc2 49. Bxc2 Re3 50. Bd1 Rxg3 51. Bf3 g5 52. a5 g4 53. Kf2 h4
54. Bb7 Ra3 55. a6 Kg7 56. Bc8 g3+ 57. Ke2 Kf6 58. Kd2 Ke7 59. Kc2 Kd6 60. Kb2
Ra5 61. Kc3 Kc7 62. Bh3 Kb6 63. Kd4 Kxa6 64. Ke4 Kb6 65. Kf3 f5 66. Ke3 Kc6 67.
Bxf5 Rxf5 68. Ke4 Rf8 69. f5 Kd6 70. Kf4 Rg8 71. f6 Ke6 72. f7 Kxf7 73. Kf5 Rg6
74. Kf4 Kf6 75. Kf3 Rg5 76. Kf4 Kg6 77. Kf3 Rf5+ 78. Kg4 Rf2 79. Kh3 Kf6 80. Kg4
Rxg2 81. Kh3 Rf2 82. Kg4 Rf5 83. Kh3 Rg5 84. Kg2 Kg6 85. Kh3 Kh5 86. Kg2 h3+ 87.
Kxh3 g2 88. Kh2 g1=Q+ 89. Kh3 Qg3# 0-1

[Event "Titled Tue 3rd Jan Late"]
[Site "chess.com INT"]
[Date "2025.06.03"]
[Round "2"]
[White "Chelly, Yahya"]
[Black "Tekeyev, Zaur"]
[Result "0-1"]
[WhiteTitle "CM"]
[BlackTitle "IM"]
[WhiteElo "2039"]
[BlackElo "2417"]
[WhiteFideId "5516200"]
[BlackFideId "4199731"]
[EventDate "2025.06.03"]

1. d4 Nf6 2. c4 e6 3. Nc3 Bb4 4. e3 O-O 5. Bd3 d5 6. Nf3 dxc4 7. Bxc4 c5 8. O-O
cxd4 9. exd4 b6 10. Bg5 Bb7 11. a3 Bxc3 12. bxc3 Nbd7 13. Ne5 Qc7 14. Nxd7 Nxd7
15. Bd3 Qxc3 16. Rc1 Qa5 17. Qg4 f5 18. Qg3 Rac8 19. Bc4 Bd5 20. Bh6 Rf7 21.
Bxd5 Rxc1 22. Rxc1 Qxd5 23. Rc8+ Nf8 24. h4 Qxd4 25. Be3 Qd1+ 26. Kh2 Qg4 27.
Qxg4 fxg4 28. h5 Rf5 29. h6 gxh6 30. Kg3 Kg7 31. Kxg4 h5+ 32. Kh4 Ng6+ 33. Kh3
Rf7 34. Rc4 e5 35. Rc6 Rf6 36. Rc7+ Rf7 37. Rc6 Rd7 38. a4 Kf7 39. Kg3 Nf8 40.
Rh6 Kg7 41. Rxh5 Ng6 42. Rf5 Rd3 43. Kh2 Ra3 44. f4 Rxe3 45. fxe5 Rxe5 46. Rf3
Rh5+ 47. Kg1 Ra5 48. Rc3 Rc5 49. Rd3 Ne5 50. Rd8 Kf6 51. Rf8+ Nf7 52. Ra8 Ra5
53. Rc8 Rxa4 54. Rc6+ Kg7 55. Rc7 Ra1+ 56. Kh2 b5 57. Rb7 a6 58. Ra7 Ra4 59. Rb7
b4 60. Kg3 a5 61. Kf3 Ra3+ 62. Ke2 b3 63. Kd2 a4 64. Kc3 Ra2 65. Rb4 Nd6 66. Rb6
Ne4+ 67. Kd3 Nf6 68. Rb7+ Kg6 69. Rb6 Kf5 70. Rb5+ Kg4 71. Rb6 Nh5 72. Rb4+ Nf4+
73. Ke3 Kg3 74. Rxf4 Re2+ 0-1

[Event "Titled Tue 3rd Jan Late"]
[Site "chess.com INT"]
[Date "2025.06.03"]
[Round "2"]
[White "Aliyev, Elnur"]
[Black "Khegay, Yuliya"]
[Result "0-1"]
[WhiteTitle "CM"]
[BlackTitle "WFM"]
[WhiteElo "2155"]
[BlackElo "1879"]
[WhiteFideId "13402617"]
[BlackFideId "14205394"]
[EventDate "2025.06.03"]

1. e4 c5 2. Nf3 e6 3. b3 Nf6 4. e5 Nd5 5. c4 Ne7 6. d4 cxd4 7. Qxd4 Nbc6 8. Qe4
d6 9. exd6 Qxd6 10. Nc3 a6 11. Bf4 Qb4 12. Bd2 Qa3 13. Bd3 Nb4 14. Be2 f5 15.
Qb1 Ng6 16. O-O Bd6 17. Na4 Nc6 18. Bc1 Qb4 19. Qb2 O-O 20. Bd2 Qa3 21. Qxa3
Bxa3 22. Nb6 Rb8 23. Bc3 Bc5 24. Nxc8 Rbxc8 25. Rfe1 h6 26. g3 Kf7 27. Rad1 Rfd8
28. Kg2 e5 29. Rxd8 Rxd8 30. Rd1 Rxd1 31. Bxd1 e4 32. Ne1 f4 33. Bh5 f3+ 34. Kf1
Ne7 35. Nc2 Kg8 36. Bd4 Bxd4 37. Nxd4 Ne5 38. Be8 Nd3 39. Ba4 Nc1 40. c5 Nxa2
41. c6 bxc6 42. Nxc6 Nd5 43. Nd4 Nab4 44. Nf5 Nc3 45. Ne3 Nxa4 46. bxa4 Kf7 47.
Ke1 Ke6 48. Kd2 Nd5 49. Nc4 Nc7 50. Ke3 Kd5 51. Nb6+ Kc5 52. Nd7+ Kb4 53. Nf8
Kxa4 54. g4 Kb3 55. h4 a5 56. g5 a4 57. g6 a3 58. Nd7 a2 59. Nc5+ Kc2 60. Nxe4
a1=Q 61. Kxf3 Qe5 62. Ng3 Nd5 63. Kg4 Qf4+ 64. Kh3 Qxf2 65. h5 Nf4+ 66. Kg4 Ng2
67. Ne4 Ne3+ 68. Kh3 Qf3+ 69. Ng3 Nf5 70. Kh2 Qxg3+ 71. Kh1 Qe3 72. Kg2 Nh4+ 73.
Kf1 Qf3+ 74. Ke1 Ng2# 0-1

[Event "Titled Tue 3rd Jan Late"]
[Site "chess.com INT"]
[Date "2025.06.03"]
[Round "2"]
[White "Ibarra Jerez, Jose Carlos"]
[Black "Deng, Henry"]
[Result "1/2-1/2"]
[WhiteTitle "GM"]
[BlackTitle "FM"]
[WhiteElo "2545"]
[BlackElo "2327"]
[WhiteFideId "2226332"]
[BlackFideId "30965454"]
[EventDate "2025.06.03"]

1. e4 c5 2. Nf3 e6 3. d4 cxd4 4. Nxd4 Nf6 5. Nc3 Nc6 6. Ndb5 Bb4 7. e5 Nxe5 8.
Bf4 d6 9. a3 Bxc3+ 10. Nxc3 O-O 11. Qd2 Nd5 12. Nxd5 exd5 13. Be2 Be6 14. O-O
Rc8 15. c3 Nc4 16. Bxc4 Rxc4 17. Be3 a6 18. Bd4 Bf5 19. Rae1 Rc8 20. Re3 Qd7 21.
Rg3 Bg6 22. h4 f6 23. Qd1 Qf5 24. Qb3 Rf7 25. Re1 h5 26. Rf3 Qg4 27. Qxd5 Kh7
28. Qxd6 Rd7 29. Qh2 Rcc7 30. Rfe3 Qf5 31. Qg3 Rc8 32. Kh2 Rcc7 33. R1e2 Qg4 34.
Qxg4 hxg4 35. Kg3 Bh5 36. Re6 Kg6 37. a4 Kf5 38. a5 Rd5 39. Re7 Rdd7 40. R7e6
Rd5 41. R6e4 Rf7 42. Rf4+ Kg6 43. b4 Rc7 44. Re6 Kf7 45. Re3 Kg6 46. Kh2 Kf7 47.
Kg1 Rdd7 48. Rfe4 Re7 49. Bc5 Rxe4 50. Rxe4 Kg6 51. f3 Kf5 52. Kf2 gxf3 53. gxf3
Rd7 54. Bd4 Bf7 55. Kg3 Bd5 56. Re8 Kg6 57. Kf4 Kh5 58. Rh8+ Kg6 59. h5+ Kf7 60.
h6 gxh6 61. Rxh6 Rd6 62. Rh7+ Kg6 63. Rc7 Rc6 64. Rd7 Bc4 65. Rxb7 Bb5 66. Ke3
Kf5 67. Kf2 Bc4 68. Ke3 Bb5 69. Kd2 Bc4 70. Kc2 Kf4 71. Rb6 Rxb6 72. axb6 Bd5
73. c4 Bb7 74. Bxf6 Kxf3 75. Kd3 Kf4 76. Kd4 Kf5 77. Bh4 Ke6 78. Kc5 Kd7 79. Bg3
Ba8 80. Be5 Bb7 81. Bh2 Ba8 82. Kd4 Kc6 83. Bg3 Kxb6 84. Ke5 Kc6 85. Bf2 Bb7 86.
Ke6 Ba8 87. Ke7 Bb7 88. Kd8 Kd6 89. Bg3+ Kc6 90. Bf4 a5 91. b5+ Kc5 92. Kc7 Be4
93. b6 Kxc4 94. Bd6 a4 95. Bf8 Kb3 96. b7 Bxb7 97. Kxb7 a3 98. Bxa3 1/2-1/2

[Event "Titled Tue 3rd Jan Late"]
[Site "chess.com INT"]
[Date "2025.06.03"]
[Round "2"]
[White "Ghoreishi Amiri, Seyed Kian"]
[Black "Kilic, Eray"]
[Result "1-0"]
[WhiteTitle "CM"]
[BlackTitle "IM"]
[WhiteElo "2215"]
[BlackElo "2469"]
[WhiteFideId "36757527"]
[BlackFideId "44517173"]
[EventDate "2025.06.03"]

1. e4 Nf6 2. e5 Nd5 3. d4 d6 4. Nf3 dxe5 5. Nxe5 c6 6. Bc4 Nd7 7. Nf3 N7f6 8.
O-O Bf5 9. Re1 h6 10. Bd3 Bxd3 11. Qxd3 e6 12. c4 Nb6 13. b3 Be7 14. Bb2 O-O 15.
Nbd2 Qc7 16. Rad1 Rad8 17. Ne4 Nxe4 18. Qxe4 Bf6 19. Ne5 Nd7 20. f4 Nxe5 21.
fxe5 Be7 22. Rd3 Qa5 23. Rg3 f5 24. exf6 Bxf6 25. Qxe6+ Kh8 26. Bc3 Qxa2 27. Rf1
Bxd4+ 28. Bxd4 Rxf1+ 29. Kxf1 Qb1+ 30. Kf2 Qc2+ 31. Ke3 Qc1+ 32. Ke4 Qe1+ 33.
Re3 Qb1+ 34. Ke5 Qd1 35. Re4 Qh5+ 36. Kf4 Qxh2+ 37. Kf5 Qh5+ 38. Kf4 Qg5+ 39.
Kf3 Rf8+ 40. Ke2 Qxg2+ 41. Kd3 Qf1+ 42. Kc3 Qa1+ 43. Kb4 c5+ 44. Bxc5 b6 45.
Bxb6 axb6 46. Qxb6 Qa8 47. Qd4 Rb8+ 48. Kc3 Qa2 49. Qd1 Qa5+ 50. Kc2 Qa2+ 51.
Kc3 Qa5+ 52. Kc2 Qf5 53. Qd3 Rf8 54. b4 Qf2+ 55. Re2 Qf1 56. c5 Qa1 57. Qc4 Qa4+
58. Kb2 Rb8 59. Re4 Qd1 60. c6 Qd2+ 61. Kb3 Qd1+ 62. Qc2 Qd5+ 63. Rc4 Rc8 64.
Kb2 Qe5+ 65. Kb3 Qd5 66. Kb2 Ra8 67. c7 Rc8 68. Qc3 Qg2+ 69. Kb3 Qh2 70. Rc6 Qf4
71. b5 Qf7+ 72. Kb4 Qf4+ 73. Kb3 Qf7+ 74. Rc4 Qd5 75. Kb4 Qd6+ 76. Kb3 Qb6 77.
Kb4 Qd6+ 78. Kb3 Qd7 79. Kb4 Qe7+ 80. Kb3 Qe6 81. Kb4 h5 82. Rc5 Qd6 83. Kb3
Qe6+ 84. Kb4 Qd6 85. Kb3 Qe6+ 86. Kb2 Qg4 87. b6 Qe2+ 88. Qc2 Qe6 89. Rxh5+ Kg8
90. Qh7+ Kf7 91. Rf5+ Ke7 92. Qxg7+ Kd6 93. Rf6 1-0

[Event "Titled Tue 3rd Jan Late"]
[Site "chess.com INT"]
[Date "2025.06.03"]
[Round "2"]
[White "Karamsetty, Jeevan"]
[Black "Arkell, Keith C"]
[Result "0-1"]
[WhiteTitle "FM"]
[BlackTitle "GM"]
[WhiteElo "2244"]
[BlackElo "2342"]
[WhiteFideId "2025337"]
[BlackFideId "400270"]
[EventDate "2025.06.03"]

1. e4 c6 2. d4 d5 3. exd5 cxd5 4. Bd3 Nf6 5. c3 Nc6 6. Bf4 Bg4 7. Qb3 Qd7 8. Nd2
e6 9. Ngf3 Bxf3 10. Nxf3 Bd6 11. Bxd6 Qxd6 12. O-O O-O 13. Rfe1 Qc7 14. a4 a6
15. Ne5 Nxe5 16. Rxe5 g6 17. h3 b5 18. axb5 axb5 19. Rxa8 Rxa8 20. Re1 Rb8 21.
Ra1 Qb6 22. Qb4 Ne8 23. Qe7 Nd6 24. Ra7 Rf8 25. Rd7 Nc4 26. Bxc4 bxc4 27. Rb7
Qc6 28. h4 Qa4 29. f3 Qd1+ 30. Kh2 Qe1 31. Qf6 Qe3 32. Qg5 Qxg5 33. hxg5 Kg7 34.
Kg3 h6 35. gxh6+ Kxh6 36. Kf4 Kg7 37. Ke5 Rh8 38. b3 cxb3 39. Rxb3 Rh2 40. Rb2
Rh1 41. Rc2 Re1+ 42. Kf4 Kf6 43. Kg3 Rd1 44. Kf4 g5+ 45. Kg3 Kf5 46. Re2 Rd3 47.
Rc2 g4 48. Kf2 gxf3 49. gxf3 Kf4 50. Ke2 Re3+ 51. Kd2 Rxf3 52. Rc1 Rf2+ 53. Kd3
Rf3+ 54. Kd2 f6 55. Rh1 Rf2+ 56. Kd3 Rf3+ 57. Kd2 e5 58. Rh8 Ke4 59. dxe5 fxe5
60. Rh4+ Rf4 61. Rh3 Rg4 62. Re3+ Kf5 63. Rf3+ Rf4 64. Rh3 Rg4 65. Rf3+ Ke6 66.
Ke3 Kd6 67. Rf6+ Kc5 68. Rf8 Rg3+ 69. Kd2 e4 70. Rc8+ Kd6 71. Ke2 Kd7 72. Rc5
Kd6 73. Rc8 Rg7 74. Rd8+ Rd7 75. Ra8 Kc5 76. Kd2 Rc7 77. Ra5+ Kd6 78. Ra8 Ke6
79. Re8+ Re7 80. Ra8 Ke5 81. Ke3 Rc7 82. Re8+ Kd6 83. Kd2 Rh7 84. Rd8+ Kc6 85.
Rc8+ Kd7 86. Ra8 Rh2+ 87. Ke3 Rh3+ 88. Kd4 Rd3+ 89. Ke5 e3 90. Ra7+ Kc6 91. Re7
Kb5 92. Kf4 Kc4 93. Rc7+ Kb3 94. Kf3 Rxc3 95. Rb7+ Kc2 96. Ke2 d4 97. Rd7 Rc4
98. Rd6 Rb4 99. Rd7 Rc4 100. Rd6 Kc3 101. Rd7 Ra4 102. Rc7+ Kb3 103. Kd3 Rb4
104. Rc1 Kb2 105. Rc6 Kb1 106. Rd6 Kc1 107. Rc6+ Kd1 108. Ra6 Rb3+ 109. Kxd4 e2
110. Ra1+ Kc2 111. Ra2+ Rb2 112. Ra1 Rb1 113. Ra2+ Rb2 114. Ra1 Kd2 0-1

[Event "Titled Tue 3rd Jan Late"]
[Site "chess.com INT"]
[Date "2025.06.03"]
[Round "3"]
[White "Materia, Marco"]
[Black "Carnicelli, Valerio"]
[Result "1-0"]
[WhiteTitle "IM"]
[BlackTitle "FM"]
[WhiteElo "2489"]
[BlackElo "2396"]
[WhiteFideId "45150451"]
[BlackFideId "856185"]
[EventDate "2025.06.03"]

1. Nf3 Nf6 2. c4 b6 3. g3 Bb7 4. Bg2 e6 5. O-O c5 6. Nc3 Be7 7. Re1 d5 8. cxd5
Nxd5 9. Nxd5 Bxd5 10. e4 Bb7 11. d4 cxd4 12. Nxd4 O-O 13. Be3 Nc6 14. e5 Rc8 15.
Qa4 Qd7 16. Rad1 Nxd4 17. Qxd7 1-0

[Event "Titled Tue 3rd Jan Late"]
[Site "chess.com INT"]
[Date "2025.06.03"]
[Round "3"]
[White "Tripodi, Enzo"]
[Black "Erzhanov, Arman"]
[Result "0-1"]
[BlackTitle "FM"]
[WhiteElo "2215"]
[BlackElo "2136"]
[WhiteFideId "2822674"]
[BlackFideId "4138821"]
[EventDate "2025.06.03"]

1. e4 d6 2. d4 Nf6 3. Nc3 c6 4. a4 e5 5. Nf3 Qa5 6. Bc4 Nxe4 7. O-O Nxc3 8. bxc3
e4 9. Qe2 d5 10. Bb3 Be7 11. Nd2 Qxc3 12. a5 Qxa1 0-1

[Event "Titled Tue 3rd Jan Late"]
[Site "chess.com INT"]
[Date "2025.06.03"]
[Round "3"]
[White "Alizadeh, Mohammad Mahdi"]
[Black "De Sousa, Antonio Micaias Silva"]
[Result "1-0"]
[WhiteTitle "CM"]
[WhiteElo "2015"]
[BlackElo "2007"]
[WhiteFideId "22598820"]
[BlackFideId "22798528"]
[EventDate "2025.06.03"]

1. Nf3 d5 2. g3 Nf6 3. Bg2 e6 4. O-O Be7 5. d4 O-O 6. c4 dxc4 7. Qc2 a6 8. a4
Bd7 9. Qxc4 Bc6 10. Bf4 Bd6 11. Nc3 Bxf4 12. gxf4 Bxf3 13. Bxf3 Nc6 14. Bxc6
bxc6 15. e3 Rb8 16. b4 Qd6 17. Rab1 a5 18. b5 Nd5 19. Nxd5 cxd5 20. Qc3 c6 21.
Qxc6 Qxc6 22. bxc6 Rxb1 23. Rxb1 Rc8 24. c7 1-0

[Event "Titled Tue 3rd Jan Late"]
[Site "chess.com INT"]
[Date "2025.06.03"]
[Round "3"]
[White "Levano Loayza, Adriano Jaffet"]
[Black "Annaberdiyev, Babageldi"]
[Result "0-1"]
[WhiteTitle "CM"]
[BlackTitle "FM"]
[WhiteElo "2049"]
[BlackElo "2208"]
[WhiteFideId "3865584"]
[BlackFideId "14000385"]
[EventDate "2025.06.03"]

1. d4 e6 2. c4 f5 3. Nf3 Nf6 4. g3 d5 5. Bg2 c6 6. O-O Bd6 7. Qc2 O-O 8. b3 Qe7
9. a4 a5 10. Ba3 Nbd7 11. Bxd6 Qxd6 12. Nc3 Ne4 13. Nd2 b6 14. f3 Nef6 15. Qd3
Ba6 16. e4 dxe4 17. fxe4 Nc5 18. Qe2 Qxd4+ 19. Kh1 Qxc3 20. exf5 exf5 21. Bxc6
Rad8 22. Nf3 Rd6 23. Bb5 Bb7 24. Kg1 Qd3 25. Qf2 Ng4 26. Qg2 Ne3 0-1

[Event "Titled Tue 3rd Jan Late"]
[Site "chess.com INT"]
[Date "2025.06.03"]
[Round "3"]
[White "Sindarov, Islombek"]
[Black "Bhatia, Kanishka"]
[Result "1-0"]
[WhiteTitle "CM"]
[BlackTitle "WCM"]
[WhiteElo "2129"]
[BlackElo "1979"]
[WhiteFideId "14205475"]
[BlackFideId "2410095"]
[EventDate "2025.06.03"]

1. c4 e6 2. g3 f5 3. Bg2 Nf6 4. d4 Be7 5. Nc3 O-O 6. Nf3 b6 7. O-O Bb7 8. b3 d6
9. Bb2 h6 10. Ng5 Bc8 11. Nxe6 Bxe6 12. Bxa8 c6 13. d5 cxd5 14. Nxd5 Nxd5 15.
Bxd5 Bxd5 16. Qxd5+ Kh8 17. e4 fxe4 18. Qxe4 Bf6 19. Bxf6 Qxf6 20. Rae1 Nd7 21.
Qe7 Qf5 22. Qxd6 Nc5 23. Re5 Qf3 24. Re7 Nd3 25. Qd4 Rf6 26. Qd8+ Kh7 27. Qd7
Rf7 28. Rxf7 1-0

[Event "Titled Tue 3rd Jan Late"]
[Site "chess.com INT"]
[Date "2025.06.03"]
[Round "3"]
[White "Tilahun, Abel Mathewos"]
[Black "Munoz Ramos, Christopher"]
[Result "0-1"]
[WhiteTitle "CM"]
[BlackTitle "FM"]
[WhiteElo "1944"]
[BlackElo "2133"]
[WhiteFideId "15702391"]
[BlackFideId "3439615"]
[EventDate "2025.06.03"]

1. e4 c5 2. Nf3 d6 3. d4 cxd4 4. Nxd4 Nf6 5. Nc3 g6 6. Be3 Bg7 7. f3 O-O 8. Qd2
Nc6 9. O-O-O d5 10. exd5 Nxd5 11. Nxc6 bxc6 12. Bd4 e5 13. Bc5 Be6 14. Ne4 Re8
15. h4 Qc7 16. g4 Rad8 17. Qf2 Nf4 18. Rxd8 Rxd8 19. b3 Qa5 20. Kb2 f5 21. Ng5
e4+ 0-1

[Event "Titled Tue 3rd Jan Late"]
[Site "chess.com INT"]
[Date "2025.06.03"]
[Round "3"]
[White "Cagliumi, Rodrigo Cesar"]
[Black "Shi, Roger V"]
[Result "0-1"]
[WhiteElo "2121"]
[BlackElo "2137"]
[WhiteFideId "2109573"]
[BlackFideId "30980119"]
[EventDate "2025.06.03"]

1. d4 d5 2. Bf4 c5 3. c3 Nc6 4. e3 Qb6 5. Qb3 c4 6. Qc2 e5 7. Qc1 exf4 8. exf4
Nf6 9. g3 Be7 10. Nf3 O-O 11. Nbd2 Re8 12. Be2 Bd6 13. Kf1 Bh3+ 14. Ke1 Ne4 15.
Ne5 f6 16. Nxc6 bxc6 17. f3 Nxd2 18. Kxd2 Rab8 19. b3 cxb3 20. axb3 Bf5 21. b4
Re7 22. Bd3 Bxd3 23. Kxd3 Rbe8 24. Rd1 Qb5+ 25. Kc2 Re2+ 26. Kb3 Bxb4 27. cxb4
R8e3+ 0-1

[Event "Titled Tue 3rd Jan Late"]
[Site "chess.com INT"]
[Date "2025.06.03"]
[Round "3"]
[White "Harish, Neeraj"]
[Black "Aung Thant Zin"]
[Result "1-0"]
[WhiteTitle "CM"]
[BlackTitle "FM"]
[WhiteElo "2192"]
[BlackElo "2268"]
[WhiteFideId "30958130"]
[BlackFideId "13000063"]
[EventDate "2025.06.03"]

1. c4 e5 2. g3 Nf6 3. Bg2 d5 4. cxd5 Nxd5 5. Nf3 Nc6 6. O-O Be7 7. b3 Be6 8. Bb2
f6 9. d4 e4 10. Nfd2 e3 11. Nf3 exf2+ 12. Rxf2 Ne3 13. Qd3 Nxg2 14. Kxg2 O-O 15.
Nc3 Qd7 16. e4 Bh3+ 17. Kg1 Rad8 18. Ne2 Kh8 19. Nf4 Bg4 20. d5 Bxf3 21. Rxf3
Bc5+ 22. Kg2 Ne5 23. Bxe5 fxe5 24. Ne6 Rxf3 25. Qxf3 Re8 26. Nxc5 Qb5 27. Ne6 1-0

[Event "Titled Tue 3rd Jan Late"]
[Site "chess.com INT"]
[Date "2025.06.03"]
[Round "3"]
[White "George, Kevin"]
[Black "Schuster, Karsten"]
[Result "1-0"]
[WhiteTitle "IM"]
[BlackTitle "FM"]
[WhiteElo "2301"]
[BlackElo "2266"]
[WhiteFideId "10669515"]
[BlackFideId "4611071"]
[EventDate "2025.06.03"]

1. d4 d5 2. c4 c6 3. Nf3 Nf6 4. Nc3 a6 5. g3 dxc4 6. a4 Nd5 7. Bg2 e6 8. Ne5 Bb4
9. Bd2 Bxc3 10. bxc3 b5 11. e4 Nb6 12. Qg4 O-O 13. Bh6 Qf6 14. Bg5 h5 15. Qh4
N8d7 16. Bxf6 Nxf6 17. a5 Na4 18. Nxc6 g6 19. Qxf6 1-0

[Event "Titled Tue 3rd Jan Late"]
[Site "chess.com INT"]
[Date "2025.06.03"]
[Round "3"]
[White "Carlsson, Ludvig"]
[Black "Dilmukhametov, Artur"]
[Result "1-0"]
[WhiteTitle "IM"]
[BlackTitle "FM"]
[WhiteElo "2374"]
[BlackElo "2276"]
[WhiteFideId "1727010"]
[BlackFideId "24179922"]
[EventDate "2025.06.03"]

1. e4 d5 2. exd5 Qxd5 3. Nc3 Qe5+ 4. Be2 Bg4 5. d4 Bxe2 6. Qxe2 Qa5 7. Nf3 c6 8.
O-O e6 9. Re1 Nf6 10. Ne5 Qc7 11. Bf4 Bd6 12. Nxf7 Bxf4 13. Qxe6+ Kf8 14. Nxh8
Na6 15. g3 Re8 16. Qf5 Rxe1+ 17. Rxe1 Bd2 18. Re6 Bxc3 19. bxc3 Nb8 20. g4 h6
21. Ng6+ Kg8 22. Ne5 Nbd7 23. Re7 Qb6 24. Nxd7 Qb1+ 25. Kg2 1-0

[Event "Titled Tue 3rd Jan Late"]
[Site "chess.com INT"]
[Date "2025.06.03"]
[Round "3"]
[White "Sobek, Jaroslav"]
[Black "Borisov, Yuri"]
[Result "0-1"]
[WhiteTitle "FM"]
[BlackTitle "FM"]
[WhiteElo "2195"]
[BlackElo "2285"]
[WhiteFideId "301388"]
[BlackFideId "1503928"]
[EventDate "2025.06.03"]

1. d4 e6 2. c4 f5 3. g3 Nf6 4. Bg2 d5 5. Nf3 c6 6. Nbd2 Bd6 7. O-O O-O 8. b3 Qe7
9. Bb2 b6 10. Ne1 Ba6 11. Qc2 Nbd7 12. Ndf3 Rac8 13. Nd3 c5 14. cxd5 cxd4 15.
Qd1 e5 16. Ng5 e4 17. Nf4 Bxf4 18. gxf4 Nxd5 19. Qxd4 Nxf4 20. Rfe1 Qxg5 0-1